000 00755nab a2200229 4500
003 BR-BrBNA
005 20251106164858.0
008 251106b bl.||||| |||| 00| 0 por d
040 _aBR-BrBNA
_bpor
072 _aE70 ; E71 ; P01
100 _aPontes, Alécia
245 _aCertificação verde
_bAgronegócios
500 _a4 illus.
650 _aECONOMIA VERDE
650 _aCERTIFICAÇÃO DE PRODUTO
650 _aSELO DE QUALIDADE
650 _aCOMERCIALIZAÇÃO
650 _aEXPORTAÇÃO
773 0 _01706
_9348000
_dSão Paulo-SP Editora Três Ltda - E-mail: luizfsa@revistadinheiro.com.br 2004
_o2025-0495
_tDinheiro Rural (Brazil)
_x1807-3700
_gv. 8(91) p. 82-84; (May 2012)
_wBR2025004650
942 _cANA
999 _c338974
_d338974